[Event "Muenster Bezirksliga 0607"]
[Site "Germany"]
[Date "2006.09.16"]
[Round "1.16"]
[White "Stephan, Matthias"]
[Black "Schlegel, Holger"]
[Result "1-0"]
[WhiteElo "1633"]
[BlackElo "1372"]
[PlyCount "79"]
[EventDate "2006.09.16"]
[EventType "team"]
[EventRounds "9"]
[EventCountry "GER"]
[SourceTitle "EXT 2008"]
[Source "ChessBase"]
[SourceDate "2007.11.25"]
[SourceVersion "1"]
[SourceVersionDate "2007.11.25"]
[SourceQuality "1"]
[WhiteTeam "Telgte II"]
[BlackTeam "Senden"]
[WhiteTeamCountry "GER"]
[BlackTeamCountry "GER"]

1. e4 d5 2. exd5 Qxd5 3. Nc3 Qa5 4. d4 Nf6 5. Bd2 c6 6. Bd3 g6 7. Nge2 Bg7 8. Ne4 Qd8 9. c3 0-0 10. 0-0 Nbd7 11. Qc2 e5 12. Bg5 exd4 13. Nxd4 Qc7 14. Ne2 Re8 15. Bf4 Qb6 16. Rfe1 Nxe4 17. Bxe4 Nc5 18. Be3 Rxe4 19. Bxc5 Rxe2 20. Bxb6 Rxc2 21. Re8+ Bf8 22. Bc5 h5 23. Bxf8 b6 24. Bd6+ Kh7 25. Rae1 Bb7 26. R8e7 Ba6 27. Rxf7+ Kg8 28. Rc7 c5 29. h3 Re2 30. Rc1 Rxb2 31. Bf4 Rf8 32. Be3 Bc4 33. Rxa7 Rxa2 34. Rb7 Ra6 35. Rd1 Rf7 36. Rd8+ Kg7 37. Rbb8 Kh7 38. Bg5 Rf5 39. Rd7+ Rf7 40. Bf6 1-0